Estrategias de estudio y aprendizaje escolar
Saved in:
| Main Authors: | , |
|---|---|
| Format: | Bog |
| Sprog: | spansk |
| Udgivet: |
Santiago
Pontificia Universidad Católica de Chile
1993
|
| Udgivelse: | 2a. ed |
| Serier: | Colección Teleduc. Serie de Perfeccionamiento Docente
|
| Fag: | |
| Tags: |
Tilføj Tag
Ingen Tags, Vær først til at tagge denne postø!
|
MARC
| LEADER | 00000nam a2200000 a 4500 | ||
|---|---|---|---|
| 001 | UCN3527 | ||
| 003 | CL-VaPUC | ||
| 008 | 010629e19930300CL |||||||||||||||||spa|d | ||
| 082 | 0 | 4 | |a 371.3 |b COL |2 21 |
| 100 | 0 | |a Collarte Rivacoba, Carmen |e author |9 460083 | |
| 700 | 0 | |a Cornejo Abarca, José |e author |9 460084 | |
| 245 | 1 | 0 | |a Estrategias de estudio y aprendizaje escolar |
| 250 | |a 2a. ed | ||
| 300 | |a 138 p | ||
| 942 | |c BK | ||
| 945 | |d 20010629 00:00:00 |a cmena | ||
| 260 | |a Santiago |b Pontificia Universidad Católica de Chile |c 1993 | ||
| 650 | 0 | |a Métodos de aprendizaje |9 334464 | |
| 650 | 0 | |a Métodos de enseñanza |9 270413 | |
| 650 | 0 | |a Métodos de estudio |9 260518 | |
| 650 | 0 | |a Rol del docente |9 329733 | |
| 583 | |a last modification |c 20010629 00:00:00 |k Rodrigo Vera | ||
| 490 | 0 | |a Colección Teleduc. Serie de Perfeccionamiento Docente | |
| 999 | |c 296374 |d 296372 | ||
| 952 | |0 0 |1 0 |4 0 |6 371_300000000000000_COL_1993 |7 0 |8 A |9 350110 |a BIBEDU |b BIBEDU |d 2019-11-20 |i 3704505 |o 371.3 COL 1993 |p 3704505 |r 2019-11-20 |w 2019-11-20 |y BK |k BME | ||